| 000 | 00424nam a22001697a 4500 | ||
|---|---|---|---|
| 005 | 20260121152327.0 | ||
| 008 | 160428b xxu||||| |||| 00| 0 eng d | ||
| 020 | _a0-07-460294-2 | ||
| 041 | _aeng | ||
| 082 | _a005.74 | ||
| 100 |
_aPrakash Naveen _9179 |
||
| 245 | _aIntroduction to Data Base Management | ||
| 260 |
_aNew Delhi _bTMH Publ.co.Ltd. _c2003 |
||
| 300 | _a304 | ||
| 650 | _aInformation Technology | ||
| 942 | _cBK | ||
| 999 |
_c184 _d184 |
||